<?xml version="1.0" encoding="UTF-8"?>
<collection xmlns="http://www.loc.gov/MARC21/slim">
 <record>
  <leader>     na                 </leader>
  <controlfield tag="001">INLIS000000000014536</controlfield>
  <controlfield tag="005">20241121024554</controlfield>
  <datafield tag="035" ind1=" " ind2=" ">
   <subfield code="a">0010-1124000041</subfield>
  </datafield>
  <datafield tag="245" ind1="1" ind2=" ">
   <subfield code="a">Public relations writing :</subfield>
   <subfield code="b">Pendekatan teoritis dan praktis /</subfield>
   <subfield code="c">Yosal Iriantara</subfield>
  </datafield>
  <datafield tag="100" ind1="0" ind2=" ">
   <subfield code="a">Yosal Iriantara</subfield>
  </datafield>
  <datafield tag="300" ind1=" " ind2=" ">
   <subfield code="a">viii, 244 hlm.; 24 cm.</subfield>
  </datafield>
  <datafield tag="700" ind1="0" ind2=" ">
   <subfield code="a">Surachman, A. Yani</subfield>
  </datafield>
  <datafield tag="700" ind1="0" ind2=" ">
   <subfield code="a">Rema Karyanti S. (Editor)</subfield>
  </datafield>
  <datafield tag="260" ind1=" " ind2=" ">
   <subfield code="a">Bandung :</subfield>
   <subfield code="b">Simbiosa Rekatama Media,</subfield>
   <subfield code="c">2006</subfield>
  </datafield>
  <datafield tag="082" ind1=" " ind2=" ">
   <subfield code="a">659.2</subfield>
  </datafield>
  <datafield tag="084" ind1=" " ind2=" ">
   <subfield code="a">659.2 YOS p</subfield>
  </datafield>
  <datafield tag="020" ind1=" " ind2=" ">
   <subfield code="a">979378224-2</subfield>
  </datafield>
  <datafield tag="650" ind1=" " ind2=" ">
   <subfield code="a">Hubungan masyarakat</subfield>
  </datafield>
  <datafield tag="520" ind1=" " ind2=" ">
   <subfield code="a">Buku ini menempatkan keterampilan menulis dalam konteks PR. Selain membahas aspek teknis penulisan, dibahas pula aspek teoritis selain konseptual penulisan dalam konteks PR. Dengan demikian, selain menguasai keterampilan menulis, juga ada pemahaman yang memampukan menempatkan keterampulan menulis itu dalam dunia ke-PR-an. &#13;
&#13;
Buku ini dirancang untuk para mahasiswa PR dan praktisi PR yang ingin meningkatkan keterampilan teknis menulisnya, sekaligus ingin memahami aspek teoretis dalam konteks PR. buku ini juga perlu dibaca oleh mereka yang meminati dunia PR atau masyarakat umum yang ingin memahami praktik PR yang memengaruhi kehidupan sebagai publik organisasi.</subfield>
  </datafield>
  <controlfield tag="008">241121                e          0 ind  </controlfield>
  <datafield tag="990" ind1=" " ind2=" ">
   <subfield code="a">024.3164/PC/24</subfield>
  </datafield>
  <datafield tag="990" ind1=" " ind2=" ">
   <subfield code="a">024.3165/PC/24</subfield>
  </datafield>
  <datafield tag="990" ind1=" " ind2=" ">
   <subfield code="a">024.3166/PC/24</subfield>
  </datafield>
 </record>
</collection>
